01053njm a2200265Ia 450000100060000000300090000600500170001500800410003204000130007304000130008604100130009910000190011210000180013110000370014924500480018625000110023426000080024526000610025330000220031430000210033650002320035765000670058970000530065670000780070969093IT-RoPAU20220918181151.0131025s9999 xx 000 0 und d aIT-RoPAU cIT-RoPAU aITALIANO aKaempfert Bert eAutore musica gCodice autore musica SPICS: 8041 aSolo più che mai (Strangers In the Night) a1a ed. aUSA bMCA RECORDSc1986 [1a Ed.:1966 - Ed. Lingua Orig.: 1966] aSPARTITO MUSICALE c (Testo: 4 pag.) aSpartito musicale della canzone cantata in italiano da Johnny Dorelle e in inglese da Frank Sinatra. Testo italiano di E. Parazzini; testo originale in inglese di Singleton C. e Snyder E. dal film Universal "M5 codice diamanti" aCOLONNA SONORA [SPARTITI MUSICALI]eCodice MATERIA SPICS: 9953 aSingleton C.eAutoregCodice autore SPICS: 15856 aSnyder E.eAutore testo e musicagCodice autore testo/musica SPICS: 14485